00492nam a2200193 a 4500001001300000003000900013005001700022008004100039020002300080082001400103100001800117245003000135260004300165300001000208500003500218650001200253650001500265700001800280nice12345678IN_TiNIC20260116014007.0131001s2013 lona grp 000 0 eng  a9780007520503c29900a823bCOE1 aCoelho, Paulo aManuscript Found in Accra aLondon bCollins Religious Pub. c2013 a192p  aincludes index and biblioraphy aFiction aPhilosophy1 aCoelho, Paulo